[Event "First Saturday 2009 november IM"]
[Site "Budapest"]
[Date "2009.11.07"]
[Round "1"]
[White "Toth, Ervin"]
[Black "Szabo, Bence"]
[Result "1-0"]
[WhiteElo "2388"]
[BlackElo "2218"]
[PlyCount "101"]
[EventDate "2009.11.07"]

1. d4 Nf6 2. c4 e6 3. Nc3 Bb4 4. f3 d5 5. a3 Be7 6. e4 dxe4 7. fxe4 e5 8. d5
Bc5 9. Nf3 Bg4 10. h3 Bxf3 11. Qxf3 Nbd7 12. Bd3 O-O 13. Bd2 Bd4 14. Rb1 Ne8
15. Ne2 Nd6 16. g4 Nc5 17. Nxd4 exd4 18. O-O Qe7 19. Rbe1 f6 20. b4 Nd7 21. Qf2
Ne5 22. Qxd4 Ndf7 23. Bc2 Qd7 24. Bd1 h5 25. gxh5 Qxh3 26. Re3 Qd7 27. Rg3 Kh7
28. Be2 b6 29. Rf2 Rae8 30. Bf1 Qe7 31. c5 Ng5 32. Rf5 Nef7 33. Bd3 Kh8 34.
Bxg5 Nxg5 35. d6 cxd6 36. cxd6 Qd8 37. d7 Ne6 38. Qd6 Re7 39. Bb5 Nc7 40. h6
Nxb5 41. hxg7+ Rxg7 42. Rh5+ Kg8 43. Qe6+ Rff7 44. Rxg7+ Kxg7 45. Rh7+ Kxh7 46.
Qxf7+ Kh6 47. Qe8 Qc7 48. Qh8+ Kg6 49. Qg8+ Kh5 50. d8=Q Qc1+ 51. Kh2 1-0

[Event "First Saturday 2009 november IM"]
[Site "Budapest"]
[Date "2009.11.07"]
[Round "1"]
[White "Szalanczy, Emil"]
[Black "Simonyi, Zoltan"]
[Result "1-0"]
[WhiteElo "2295"]
[BlackElo "2192"]
[PlyCount "159"]
[EventDate "2009.11.07"]

1. e4 e6 2. d4 d5 3. Nc3 Bb4 4. e5 c5 5. a3 Bxc3+ 6. bxc3 Ne7 7. Bd3 Qa5 8. Bd2
c4 9. Be2 Qa4 10. Nh3 Nbc6 11. O-O Bd7 12. Nf4 O-O-O 13. Nh5 Rhg8 14. Bg4 Rdf8
15. Re1 Kb8 16. Ra2 Ka8 17. Bg5 Nc8 18. h3 Qa5 19. Qa1 Qa4 20. Rb1 Nb6 21. Rab2
Bc8 22. f4 h6 23. Bh4 Nd7 24. Bf3 g5 25. fxg5 hxg5 26. Bg3 Rg6 27. Bg4 Rh8 28.
Rf1 Rh7 29. Ra2 Rgh6 30. Qd1 Qa5 31. Be1 Qd8 32. Qf3 Qh8 33. Nf6 Nxf6 34. exf6
Rg6 35. Bg3 Qd8 36. Be5 Nxe5 37. dxe5 Qb6+ 38. Qf2 Qxf2+ 39. Kxf2 Kb8 40. Ke3
Kc7 41. Kd4 Bd7 42. a4 a5 43. Rb1 Rg8 44. Kc5 Rb8 45. Rb6 Bc6 46. Rab2 Rhh8 47.
g3 Rbc8 48. Rb1 Rb8 49. R1b2 Rbc8 50. Ra2 Rb8 51. Rb1 b6+ 52. Kd4 Rh7 53. Raa1
Rbh8 54. Rh1 Bd7 55. Rh2 Bc6 56. Ke3 Bd7 57. Kd2 Bc6 58. Kc1 Rd8 59. Kb2 d4 60.
cxd4 Rxd4 61. Rf2 Bd5 62. Re1 c3+ 63. Ka3 Rh8 64. Re3 Rc4 65. Be2 Rc5 66. g4
Rd8 67. h4 gxh4 68. Rh2 Rh8 69. Bd3 Bc6 70. g5 h3 71. Rhxh3 Rxh3 72. Rxh3 Rxe5
73. g6 Bd5 74. gxf7 Re1 75. Bc4 Bxc4 76. Rxc3 Ra1+ 77. Kb2 Rxa4 78. f8=Q b5 79.
Qc5+ Kb7 80. Rxc4 1-0

[Event "First Saturday 2009 november IM"]
[Site "Budapest"]
[Date "2009.11.07"]
[Round "1"]
[White "Lengyel, Bela"]
[Black "Lyell, Mark"]
[Result "1-0"]
[WhiteElo "2271"]
[BlackElo "2245"]
[PlyCount "100"]
[EventDate "2009.11.07"]

1. e4 e5 2. Nf3 Nc6 3. Bc4 Nf6 4. d3 Be7 5. O-O d5 6. exd5 Nxd5 7. Re1 Bg4 8.
h3 Bh5 9. Nbd2 O-O 10. Nf1 Nb6 11. Bb3 Nd4 12. g4 Nxf3+ 13. Qxf3 Bg6 14. Rxe5
a5 15. a4 Nd7 16. Re2 Nc5 17. Bc4 Qd7 18. Ng3 Rae8 19. Be3 Ne6 20. Nf5 Bf6 21.
c3 Ng5 22. Bxg5 Bxg5 23. d4 Rxe2 24. Bxe2 Re8 25. Bd3 Bd8 26. Qxb7 Bxf5 27.
gxf5 Qe7 28. Bb5 Rf8 29. Kf1 Qg5 30. Qf3 Qd2 31. Qe2 Qf4 32. Qg4 Qd2 33. Re1
Qxb2 34. Re3 Qa3 35. Qe4 Bg5 36. Rg3 Qc1+ 37. Kg2 Bf4 38. Rg4 Bd6 39. Qe3 Ba3
40. f6 g6 41. Re4 Rd8 42. Bc6 h5 43. Re7 Qxe3 44. fxe3 Bd6 45. c4 h4 46. c5 Bg3
47. Kf3 Kh7 48. Rxf7+ Kh6 49. Kg4 Rb8 50. Re7 Rb1 {Time} 1-0

[Event "First Saturday 2009 november IM"]
[Site "Budapest"]
[Date "2009.11.08"]
[Round "2"]
[White "Kislik, Erik Andrew"]
[Black "Lengyel, Bela"]
[Result "1/2-1/2"]
[WhiteElo "2349"]
[BlackElo "2271"]
[PlyCount "103"]
[EventDate "2009.11.07"]

1. e4 e5 2. Nf3 Nc6 3. Bb5 a6 4. Ba4 Nf6 5. O-O Be7 6. Re1 b5 7. Bb3 d6 8. c3
O-O 9. h3 Na5 10. Bc2 c5 11. d4 Qc7 12. Nbd2 Nc6 13. d5 Na5 14. b3 Bd7 15. Nf1
Nb7 16. c4 Na5 17. Ne3 g6 18. Bd2 Rfb8 19. Nxe5 dxe5 20. d6 Qxd6 21. Bxa5 Bc6
22. Qxd6 Bxd6 23. Rad1 Bf8 24. Nd5 Bxd5 25. exd5 Bd6 26. Bc3 Nd7 27. g4 b4 28.
Bb2 a5 29. Re2 f6 30. h4 Kf7 31. Kg2 a4 32. h5 axb3 33. axb3 Nf8 34. g5 fxg5
35. Bxe5 Re8 36. hxg6+ hxg6 37. Bxd6 Rxe2 38. Bd3 Rb2 39. Bxc5 Rxb3 40. Bd4
Raa3 41. Be4 Rh3 42. c5 Rh4 43. Re1 Rg4+ 44. Kf1 b3 45. d6 Rxe4 46. Rxe4 Ne6
47. Bb2 Ra2 48. c6 Rxb2 49. Rb4 Rc2 50. Rb7+ Kf6 51. c7 Nxc7 52. dxc7 1/2-1/2

[Event "First Saturday 2009 november IM"]
[Site "Budapest"]
[Date "2009.11.08"]
[Round "2"]
[White "Simonyi, Zoltan"]
[Black "Turzo, Attila"]
[Result "1/2-1/2"]
[WhiteElo "2192"]
[BlackElo "2276"]
[PlyCount "117"]
[EventDate "2009.11.07"]

1. d4 Nf6 2. c4 g6 3. b4 Bg7 4. Bb2 O-O 5. Nd2 d6 6. e4 Nbd7 7. Ngf3 b6 8. Qc2
c5 9. bxc5 bxc5 10. d5 Qe8 11. a4 e5 12. Be2 Nh5 13. g3 Bh6 14. Nh4 Ng7 15. O-O
f5 16. exf5 gxf5 17. Rae1 Bg5 18. Ng2 Bf6 19. f4 exf4 20. Bd3 Qf7 21. gxf4 Rb8
22. Bc3 Bxc3 23. Qxc3 Qf6 24. Qxf6 Nxf6 25. Rb1 Bd7 26. a5 Rfe8 27. Rxb8 Rxb8
28. Rb1 Rxb1+ 29. Nxb1 Kf7 30. Nc3 a6 31. Ne3 Ng8 32. Kf2 Nh6 33. Nb5 Ke7 34.
Nc7 Bc8 35. Na8 Bd7 36. Bc2 Kd8 37. Kg3 Ng8 38. Kh4 h6 39. Nb6 Ne7 40. Nxd7
Kxd7 41. Kg3 Kc7 42. Kf3 Kd8 43. Nf1 Kc7 44. Ng3 Kd8 45. Ke3 Kc7 46. Bd1 Ng6
47. Nh5 Nxh5 48. Bxh5 Nh8 49. Kf3 Kd7 50. Kg3 Ke7 51. Kh4 Nf7 52. Bd1 Nd8 53.
Kh5 Kf6 54. Ba4 Nb7 55. Bb5 Nxa5 56. Bxa6 Kg7 57. Kh4 Nb3 58. Kg3 Nd2 59. Bb5
1/2-1/2

[Event "First Saturday 2009 november IM"]
[Site "Budapest"]
[Date "2009.11.08"]
[Round "2"]
[White "Szabo, Bence"]
[Black "Szalanczy, Emil"]
[Result "1-0"]
[WhiteElo "2218"]
[BlackElo "2295"]
[PlyCount "81"]
[EventDate "2009.11.07"]

1. d4 c5 2. d5 e6 3. c4 exd5 4. cxd5 d6 5. Nc3 g6 6. e4 Bg7 7. Bd3 Nh6 8. Bf4
Ng4 9. Bb5+ Bd7 10. Qxg4 Bxc3+ 11. bxc3 Bxb5 12. Nf3 O-O 13. Nd2 Bd3 14. Qg3 c4
15. Be3 Qe7 16. f3 Nd7 17. Kf2 f5 18. Rhe1 Ne5 19. Bd4 fxe4 20. Nxe4 Rae8 21.
Kg1 Rf5 22. f4 b6 23. fxe5 dxe5 24. Nf2 Qd6 25. Nxd3 cxd3 26. Qxd3 Qxd5 27. Qe2
Ref8 28. Be3 Qe4 29. Rad1 h5 30. Qb5 Rc8 31. Qd7 Qc6 32. Qxa7 b5 33. Rd7 Qf6
34. Qb7 Rf8 35. h3 h4 36. Qxb5 Rf2 37. Qd5+ Kh8 38. Rd6 Qf5 39. Rxg6 Rxa2 40.
Rh6+ Kg7 41. Qxa2 1-0

[Event "First Saturday 2009 november IM"]
[Site "Budapest"]
[Date "2009.11.09"]
[Round "3"]
[White "Lengyel, Bela"]
[Black "Simonyi, Zoltan"]
[Result "1-0"]
[WhiteElo "2271"]
[BlackElo "2192"]
[PlyCount "91"]
[EventDate "2009.11.07"]

1. e4 e5 2. Nf3 Nc6 3. Bc4 Nf6 4. d3 Be7 5. O-O d6 6. c3 a6 7. Bb3 O-O 8. Re1
h6 9. Nbd2 Re8 10. h3 Bf8 11. d4 b5 12. Nf1 Bb7 13. Ng3 Qd7 14. a4 g6 15. Nh4
Na5 16. Bc2 Bg7 17. Nf3 Nc6 18. a5 Rad8 19. d5 Ne7 20. b3 c6 21. c4 Rc8 22. Be3
Qc7 23. Bb6 Qb8 24. Qd2 cxd5 25. cxd5 Nexd5 26. exd5 Nxd5 27. Be4 Nxb6 28. Bxb7
Qxb7 29. axb6 Qxb6 30. Rad1 Red8 31. h4 h5 32. Re3 d5 33. Rxe5 Bxe5 34. Nxe5 a5
35. Qg5 Rc2 36. Rf1 Kf8 37. Qh6+ Ke7 38. Nf5+ Ke6 39. Nd3 Kd7 40. Ne3 Re2 41.
Nxd5 Qd4 42. N3f4 Rc2 43. Ne3 Rd2 44. Qg5 Qb4 45. Nfd5 Qxb3 46. Qe7+ 1-0

[Event "First Saturday 2009 november IM"]
[Site "Budapest"]
[Date "2009.11.09"]
[Round "3"]
[White "Farago, Sandor"]
[Black "Lyell, Mark"]
[Result "0-1"]
[WhiteElo "2249"]
[BlackElo "2245"]
[PlyCount "36"]
[EventDate "2009.11.07"]

1. d4 d5 2. c4 e5 3. dxe5 d4 4. Nf3 Nc6 5. a3 Nge7 6. e3 Nf5 7. exd4 Nfxd4 8.
Nxd4 Qxd4 9. Qe2 Bg4 10. f3 Bf5 11. Nc3 O-O-O 12. Nb5 Qd7 13. Be3 Nxe5 14.
Nxa7+ Kb8 15. Qf2 Bc5 16. Bxc5 Rhe8 17. Be3 Nd3+ 18. Bxd3 Qxd3 0-1

[Event "First Saturday 2009 november IM"]
[Site "Budapest"]
[Date "2009.11.10"]
[Round "4"]
[White "Kislik, Erik Andrew"]
[Black "Farago, Sandor"]
[Result "1-0"]
[WhiteElo "2349"]
[BlackElo "2249"]
[PlyCount "119"]
[EventDate "2009.11.07"]

1. e4 e5 2. Nf3 Nc6 3. Bb5 a6 4. Ba4 Nf6 5. O-O Be7 6. Re1 b5 7. Bb3 d6 8. c3
O-O 9. h3 Na5 10. Bc2 c5 11. d4 cxd4 12. cxd4 Qc7 13. b3 Nc6 14. Nbd2 Nb4 15.
Bb1 Bb7 16. Bb2 Nd7 17. d5 a5 18. Qe2 Qb6 19. a3 Na6 20. Bd3 Nc7 21. g4 Nc5 22.
Bc2 Ba6 23. b4 axb4 24. axb4 Na4 25. Bc1 Bc8 26. Ra3 Bd7 27. Nf1 Na6 28. Rb3
Rac8 29. Bd3 Rc7 30. Ng3 g6 31. Bd2 Rfc8 32. Ra1 Nb8 33. Kh2 Bf6 34. Rg1 Kh8
35. Rg2 Rg8 36. Ng5 Be8 37. Rb1 Nc3 38. Qf3 Kg7 39. Nxh7 Bd8 40. Nf6 Nxb1 41.
Be3 Qb7 42. Nxe8+ Rxe8 43. Nf5+ Kg8 44. Nxd6 Qa6 45. Nxe8 Rc3 46. Bxb1 Bg5 47.
Qe2 Bxe3 48. fxe3 Nd7 49. Qf3 Kf8 50. Ra2 Qb6 51. Ra8 Nb8 52. Qf6 Qxe3 53. Qh8+
Ke7 54. Qxe5+ Kf8 55. Qg7+ Ke7 56. d6+ Kxe8 57. Rxb8+ Kd7 58. Qxf7+ Kxd6 59.
Qd5+ Ke7 60. Rb7+ 1-0

[Event "First Saturday 2009 november IM"]
[Site "Budapest"]
[Date "2009.11.10"]
[Round "4"]
[White "Szabo, Bence"]
[Black "Lengyel, Bela"]
[Result "1-0"]
[WhiteElo "2218"]
[BlackElo "2271"]
[PlyCount "119"]
[EventDate "2009.11.07"]

1. d4 d5 2. c4 e6 3. Nc3 Nf6 4. cxd5 exd5 5. Bg5 Be7 6. e3 Nbd7 7. Bd3 c6 8.
Qc2 O-O 9. Nge2 Re8 10. O-O Nf8 11. f3 g6 12. Rad1 Ne6 13. Bh4 b6 14. Kh1 Bb7
15. e4 Nh5 16. Bxe7 Qxe7 17. exd5 cxd5 18. Qd2 a6 19. Bc2 Qd6 20. Bb3 Re7 21.
Nc1 Rae8 22. Qf2 Nf6 23. Nd3 Kg7 24. a3 h5 25. Ne5 h4 26. Qxh4 Rh8 27. Qf2 Nxd4
28. Qxd4 Qxe5 29. Qxe5 Rxe5 30. Rd4 Rhe8 31. Kg1 Bc6 32. Kf2 Re3 33. Rfd1 a5
34. R1d2 g5 35. h3 R8e5 36. Ba2 Re1 37. Bxd5 Nxd5 38. Nxd5 Bb5 39. Nc3 Rf1+ 40.
Kg3 Bc6 41. Rd1 Rxd1 42. Rxd1 b5 43. Rd6 Rc5 44. Ne2 Bb7 45. Nd4 Bc8 46. Rc6
Rd5 47. Rxc8 Rxd4 48. Rc5 Kg6 49. Rxb5 Rd2 50. Rxa5 Rxb2 51. a4 f5 52. Ra8 f4+
53. Kh2 Ra2 54. a5 Kg7 55. a6 Kh7 56. a7 Kg7 57. h4 g4 58. fxg4 f3 59. Kg1
Rxg2+ 60. Kf1 1-0

[Event "First Saturday 2009 november IM"]
[Site "Budapest"]
[Date "2009.11.10"]
[Round "4"]
[White "Erdelyi, Zombor"]
[Black "Turzo, Attila"]
[Result "1/2-1/2"]
[WhiteElo "2362"]
[BlackElo "2276"]
[PlyCount "105"]
[EventDate "2009.11.07"]

1. e4 e5 2. Nf3 Nf6 3. d4 Nxe4 4. Bd3 d5 5. dxe5 Nc6 6. O-O Bg4 7. Nc3 Nxc3 8.
bxc3 Be7 9. Re1 O-O 10. Rb1 Rb8 11. h3 Bh5 12. Rb5 Kh8 13. Bf5 d4 14. g4 a6 15.
Rb1 Bg6 16. Nxd4 Qd5 17. Qf3 Qxf3 18. Nxf3 Bxf5 19. gxf5 f6 20. e6 Bd6 21. Kg2
b5 22. Bd2 Ne7 23. Nh4 Rb6 24. Re4 Rc6 25. a4 Rc5 26. axb5 axb5 27. Ra1 Kg8 28.
Ra5 Nc6 29. Ra6 Ne7 30. Ra5 Nc6 31. Ra6 Ne7 32. c4 Rxc4 33. Rxc4 bxc4 34. Ra4
Rb8 35. Kf3 g5 36. fxg6 hxg6 37. Rxc4 g5 38. Ng2 Ng6 39. Ke4 Rb5 40. f4 f5+ 41.
Kf3 gxf4 42. Bc3 Rb1 43. Kf2 Rh1 44. Bb4 Kg7 45. Bxd6 cxd6 46. Nxf4 Nxf4 47.
Rxf4 Kf6 48. Rxf5+ Kxe6 49. Kg2 Rxh3 50. Kxh3 Kxf5 51. Kg3 Ke4 52. Kf2 Kd4 53.
Ke2 1/2-1/2

[Event "First Saturday 2009 november IM"]
[Site "Budapest"]
[Date "2009.11.10"]
[Round "4"]
[White "Toth, Ervin"]
[Black "Szalanczy, Emil"]
[Result "1-0"]
[WhiteElo "2388"]
[BlackElo "2295"]
[PlyCount "107"]
[EventDate "2009.11.07"]

1. d4 c5 2. d5 e6 3. c4 exd5 4. cxd5 d6 5. Nc3 g6 6. e4 Bg7 7. Bd3 Nh6 8. Bf4
Ng4 9. Bb5+ Bd7 10. Qxg4 Bxc3+ 11. bxc3 Bxb5 12. Qg3 O-O 13. Nf3 Bd3 14. Nd2 c4
15. Be3 Qe7 16. f3 Nd7 17. Kf2 f5 18. exf5 Rxf5 19. Rhe1 Rxd5 20. Kg1 Qe5 21.
Qg4 Nf6 22. Qh4 g5 23. Qh6 Qf5 24. Bd4 Re5 25. Ne4 Nxe4 26. fxe4 Qe6 27. Qh5
Rf8 28. Bxe5 Qxe5 29. h4 gxh4 30. Qxe5 dxe5 31. Re3 Rf6 32. Rf3 Rg6 33. Re1 Rg4
34. Kh2 Bxe4 35. Rfe3 Bc6 36. Rxe5 Rxg2+ 37. Kh3 Rg3+ 38. Kxh4 Rxc3 39. Rg1+
Kf7 40. Rf1+ Rf3 41. Rxf3+ Bxf3 42. Rf5+ Ke6 43. Rxf3 Kd5 44. Kg3 Kd4 45. Kf2
b5 46. Ke2 a5 47. Kd2 Kc5 48. a3 b4 49. Kc2 Kb5 50. axb4 axb4 51. Rf5+ Kc6 52.
Kd2 Kd6 53. Rh5 b3 54. Kc3 1-0

[Event "First Saturday 2009 november IM"]
[Site "Budapest"]
[Date "2009.11.11"]
[Round "5"]
[White "Farago, Sandor"]
[Black "Simonyi, Zoltan"]
[Result "0-1"]
[WhiteElo "2249"]
[BlackElo "2192"]
[PlyCount "144"]
[EventDate "2009.11.07"]

1. e4 e5 2. Nf3 Nc6 3. Bb5 Nf6 4. O-O Nxe4 5. d4 Nd6 6. Bxc6 dxc6 7. dxe5 Nf5
8. Qxd8+ Kxd8 9. b3 h6 10. Bb2 Be6 11. Nbd2 Kc8 12. h3 c5 13. c4 b6 14. Ne4 Kb7
15. Rad1 a5 16. Nc3 Ne7 17. Nd2 g5 18. Nde4 Bg7 19. Nd5 Ng6 20. Ndf6 Rhd8 21.
g4 Nf4 22. Kh2 a4 23. h4 axb3 24. axb3 gxh4 25. Bc1 Nd3 26. f4 Nxc1 27. Rxd8
Rxd8 28. Rxc1 Rd3 29. f5 Bc8 30. Rc3 Rxc3 31. Nxc3 h5 32. Kh3 hxg4+ 33. Kxh4
Bxf5 34. Nce4 Bxe4 35. Nxe4 Bxe5 36. Kxg4 Ka6 37. Nf2 Bd4 38. Nd3 b5 39. Kf4
bxc4 40. bxc4 Ka5 41. Ke4 Ka4 42. Nf4 Kb3 43. Kd3 Be5 44. Nd5 Bd6 45. Ne3 Kb2
46. Nf5 Bf8 47. Ne3 Kc1 48. Nd5 Bd6 49. Ne3 Be5 50. Nf5 Kd1 51. Nh6 f6 52. Nf5
Ke1 53. Ng7 Kf2 54. Ke4 Ke2 55. Nf5 Kd2 56. Kd5 Kd3 57. Ng7 Bd4 58. Nf5 c6+ 59.
Kxc6 Kxc4 60. Nd6+ Kd3 61. Kd5 Ke3 62. Nc4+ Kf3 63. Nd6 Kf4 64. Ke6 Be5 65. Nc4
Ke4 66. Nd2+ Kd3 67. Nb3 c4 68. Nc5+ Kd4 69. Na6 c3 70. Nb4 Kc4 71. Nc2 Kb3 72.
Ne1 Kb2 0-1

[Event "First Saturday 2009 november IM"]
[Site "Budapest"]
[Date "2009.11.11"]
[Round "5"]
[White "Lyell, Mark"]
[Black "Kislik, Erik Andrew"]
[Result "1/2-1/2"]
[WhiteElo "2245"]
[BlackElo "2349"]
[PlyCount "117"]
[EventDate "2009.11.07"]

1. e4 e6 2. d4 c5 3. c3 Nf6 4. e5 Nd5 5. Bc4 cxd4 6. cxd4 b6 7. Bxd5 exd5 8.
Nc3 d6 9. Nf3 dxe5 10. Nxe5 Be6 11. O-O Nd7 12. Bf4 Nxe5 13. Bxe5 Bd6 14. Qa4+
Kf8 15. Rac1 a6 16. Rfe1 Kg8 17. Qc6 Bxe5 18. Rxe5 Rc8 19. Qb7 h6 20. Rce1 Kh7
21. Qxa6 Rc4 22. Ne2 Qa8 23. Qb5 Qa5 24. Qxa5 bxa5 25. Nf4 Rb8 26. b3 Rxd4 27.
Nxe6 fxe6 28. g3 Rd2 29. R1e2 Rxe2 30. Rxe2 Rb6 31. f4 Kg6 32. Kf2 Kf6 33. Ke3
Rb4 34. Kd3 g5 35. Rf2 Kf5 36. fxg5+ Kxg5 37. Rf8 e5 38. Ra8 Rb5 39. h3 Kf5 40.
Rf8+ Kg6 41. g4 Rb4 42. Ra8 Kg5 43. Rxa5 Rd4+ 44. Ke3 Rd1 45. Ke2 Rh1 46. Rxd5
Kf4 47. Rd2 Rxh3 48. b4 Rh1 49. b5 Rb1 50. a4 Rb4 51. Ra2 e4 52. a5 Rxb5 53. a6
Rb8 54. a7 Ra8 55. Ra4 Kxg4 56. Rxe4+ Kf5 57. Re7 Kf6 58. Rh7 Ke5 59. Rxh6
1/2-1/2

[Event "First Saturday 2009 november IM"]
[Site "Budapest"]
[Date "2009.11.12"]
[Round "6"]
[White "Simonyi, Zoltan"]
[Black "Lyell, Mark"]
[Result "1/2-1/2"]
[WhiteElo "2192"]
[BlackElo "2245"]
[PlyCount "120"]
[EventDate "2009.11.07"]

1. e4 e5 2. Nf3 Nc6 3. Nc3 Nf6 4. Bb5 Nd4 5. Nxd4 exd4 6. e5 dxc3 7. exf6 Qxf6
8. dxc3 Bc5 9. Qe2+ Qe6 10. Bc4 Qxe2+ 11. Kxe2 c6 12. Be3 Bxe3 13. Kxe3 d5 14.
Bd3 Be6 15. Rhe1 O-O-O 16. Kd2 c5 17. Re5 g6 18. Rae1 b6 19. f4 c4 20. Be2 Bf5
21. Bf3 Be4 22. Re7 Bxf3 23. gxf3 Rd7 24. Re8+ Rxe8 25. Rxe8+ Rd8 26. Re5 Rd6
27. Ke3 Kd7 28. Kd4 Kc6 29. f5 a6 30. f4 b5 31. a3 a5 32. b3 a4 33. b4 Rf6 34.
Rxd5 gxf5 35. Rc5+ Kb6 36. h3 Rd6+ 37. Ke3 Rd1 38. Rxf5 Ra1 39. Rf6+ Kc7 40.
Kd4 Rxa3 41. Rxf7+ Kd6 42. Rf6+ Kc7 43. Rh6 Ra2 44. Rxh7+ Kb6 45. Rh6+ Kb7 46.
Kc5 Rxc2 47. Kxb5 a3 48. Rb6+ Kc7 49. Ra6 Rxc3 50. f5 Rxh3 51. Kxc4 Rf3 52. f6
a2 53. b5 Rxf6 54. Rxa2 Kb7 55. Kb4 Rf1 56. Ka5 Rh1 57. Rc2 Ra1+ 58. Kb4 Rb1+
59. Kc5 Rh1 60. Rc4 Rg1 1/2-1/2

[Event "First Saturday 2009 november IM"]
[Site "Budapest"]
[Date "2009.11.12"]
[Round "6"]
[White "Toth, Ervin"]
[Black "Lengyel, Bela"]
[Result "1-0"]
[WhiteElo "2388"]
[BlackElo "2271"]
[PlyCount "62"]
[EventDate "2009.11.07"]

1. d4 d5 2. c4 e6 3. Nc3 Nf6 4. cxd5 exd5 5. Bg5 Be7 6. Qc2 c6 7. e3 Nbd7 8.
Bd3 O-O 9. Nge2 Re8 10. O-O Nf8 11. f3 g6 12. Rad1 Ne6 13. Bh4 b6 14. Kh1 Bb7
15. Bf2 Rc8 16. e4 Nh5 17. Be3 a6 18. Qb3 b5 19. Bb1 Qd7 20. f4 a5 21. f5 Nc7
22. e5 a4 23. Qc2 Bf8 24. Qd2 c5 25. dxc5 Rxe5 26. Bd4 Ree8 27. Nf4 Nxf4 28.
Qxf4 Bc6 29. a3 Na6 30. Qh4 Re4 31. Nxe4 dxe4 1-0

[Event "First Saturday 2009 november IM"]
[Site "Budapest"]
[Date "2009.11.12"]
[Round "6"]
[White "Szalanczy, Emil"]
[Black "Turzo, Attila"]
[Result "1-0"]
[WhiteElo "2295"]
[BlackElo "2276"]
[PlyCount "153"]
[EventDate "2009.11.07"]

1. c3 d5 2. c4 c6 3. Qc2 Nf6 4. Nf3 Bg4 5. d3 Nbd7 6. Nbd2 e5 7. g3 Bd6 8. Bg2
O-O 9. O-O Re8 10. e4 dxe4 11. Nxe4 Nxe4 12. dxe4 Bxf3 13. Bxf3 Bc5 14. b4 Bxb4
15. Rb1 Qe7 16. a3 Bxa3 17. Rxb7 Bxc1 18. Bg4 Red8 19. Rd1 Ba3 20. Rdxd7 Rxd7
21. Bxd7 Qd6 22. c5 Bxc5 23. Qa2 Rf8 24. Kg2 g6 25. h4 h5 26. Qc4 Bb6 27. Qa2
Qf6 28. Qe2 Rd8 29. Qf3 Qxf3+ 30. Kxf3 Kg7 31. Ke2 c5 32. Be6 Rf8 33. Bc4 Kf6
34. f4 exf4 35. gxf4 Bd8 36. Kf3 Kg7 37. Kg3 a5 38. e5 Kg8 39. Bd5 a4 40. Ra7
Bb6 41. Rb7 Ba5 42. Ra7 Be1+ 43. Kh3 a3 44. Ba2 Bb4 45. Bc4 Bd2 46. Kg3 Bc1 47.
Kf3 Bb2 48. Ba2 Bc3 49. Kg3 Bb4 50. Bc4 Be1+ 51. Kh3 Bd2 52. Kg3 Bc1 53. Kf3
Bb2 54. Ke4 Bd4 55. f5 gxf5+ 56. Kxf5 Bb2 57. Kf6 Bd4 58. Rxa3 Bf2 59. Rh3 Be1
60. Rh1 Bf2 61. Rh2 Be1 62. Bd5 Kh7 63. Ke7 Rb8 64. Be4+ Kh8 65. Kxf7 Bg3 66.
Rg2 Rg8 67. e6 Rg7+ 68. Ke8 Bd6 69. Rg5 Rxg5 70. hxg5 Kg7 71. Kd7 Bf8 72. e7
Bxe7 73. Kxe7 c4 74. Ke6 h4 75. Kf5 h3 76. Kg4 h2 77. Kg3 1-0

[Event "First Saturday 2009 november IM"]
[Site "Budapest"]
[Date "2009.11.13"]
[Round "7"]
[White "Lengyel, Bela"]
[Black "Szalanczy, Emil"]
[Result "1/2-1/2"]
[WhiteElo "2271"]
[BlackElo "2295"]
[PlyCount "51"]
[EventDate "2009.11.07"]

1. e4 c5 2. Nf3 d6 3. d4 cxd4 4. Nxd4 Nf6 5. Nc3 g6 6. Be2 Bg7 7. O-O Nc6 8.
Nb3 O-O 9. Kh1 Be6 10. f4 Rc8 11. f5 Bd7 12. Bg5 Ne5 13. Bxf6 Bxf6 14. Nd5 Bg7
15. c3 Bc6 16. Qd2 b5 17. Rad1 a5 18. a3 a4 19. Na1 e6 20. f6 exd5 21. fxg7
Kxg7 22. exd5 Bd7 23. Nc2 Rc5 24. Nb4 f5 25. Qd4 Qf6 26. Rf2 1/2-1/2

[Event "First Saturday 2009 november IM"]
[Site "Budapest"]
[Date "2009.11.13"]
[Round "7"]
[White "Farago, Sandor"]
[Black "Erdelyi, Zombor"]
[Result "0-1"]
[WhiteElo "2249"]
[BlackElo "2362"]
[PlyCount "88"]
[EventDate "2009.11.07"]

1. e4 c5 2. Nf3 e6 3. d4 cxd4 4. Nxd4 Nc6 5. c4 Nf6 6. Nc3 Bb4 7. f3 d5 8. cxd5
exd5 9. Bb5 dxe4 10. Nxc6 Bxc3+ 11. bxc3 Qxd1+ 12. Kxd1 a6 13. Nd4+ axb5 14.
Nxb5 O-O 15. Bg5 Ra6 16. Kd2 exf3 17. gxf3 h6 18. Be3 Nd5 19. Bd4 Rd8 20. Rhg1
f6 21. a4 Nb6 22. a5 Nc4+ 23. Ke2 Kf7 24. Kf2 Rxa5 25. Rxa5 Nxa5 26. Bb6 Rd2+
27. Ke1 Rd5 28. Nc7 Rh5 29. Rg2 Nc4 30. Bd4 Ne5 31. Ke2 Nc6 32. Ke3 Ne7 33. Rb2
Nf5+ 34. Kd3 Rh3 35. Nb5 Rxf3+ 36. Ke4 Rh3 37. Na7 Be6 38. Rxb7+ Ne7 39. Rb5
Bd5+ 40. Rxd5 Rh4+ 41. Kd3 Nxd5 42. c4 Nf4+ 43. Ke3 Ne6 44. Nb5 Ke7 0-1

[Event "First Saturday 2009 november IM"]
[Site "Budapest"]
[Date "2009.11.13"]
[Round "7"]
[White "Kislik, Erik Andrew"]
[Black "Simonyi, Zoltan"]
[Result "1-0"]
[WhiteElo "2349"]
[BlackElo "2192"]
[PlyCount "179"]
[EventDate "2009.11.07"]

1. e4 e5 2. Nf3 Nc6 3. Bb5 Nf6 4. d3 d6 5. c4 Bd7 6. O-O Be7 7. Re1 O-O 8. h3
Re8 9. Be3 Nb8 10. Ba4 c6 11. Nbd2 Qc7 12. d4 Bf8 13. a3 g6 14. Rc1 c5 15. dxe5
dxe5 16. Bg5 Nh5 17. Bxd7 Qxd7 18. Nb1 f6 19. Qxd7 Nxd7 20. Be3 Nb6 21. Nfd2
Rad8 22. g3 f5 23. exf5 gxf5 24. g4 fxg4 25. hxg4 Nf4 26. Rc2 Nd3 27. Rf1 e4
28. Nc3 Ne5 29. Ndxe4 Nxg4 30. Bg5 Be7 31. Kh1 Bxg5 32. Rg1 Be7 33. Rxg4+ Kh8
34. Nb5 Rd1+ 35. Kg2 a6 36. Nc7 Rc8 37. Ne6 Rc6 38. N6g5 Bxg5 39. Nxg5 Rg6 40.
Re2 Rd7 41. Re6 Kg7 42. Rxg6+ Kxg6 43. Ne4+ Kf5 44. f3 Rd4 45. Nxc5 Rd2+ 46.
Kg3 Rxb2 47. Rf4+ Kg6 48. Nxb7 Nxc4 49. Rxc4 Rxb7 50. Rc6+ Kg5 51. Rxa6 Rb1 52.
Ra5+ Kf6 53. Kf4 Rf1 54. a4 h6 55. Ra6+ Kg7 56. a5 Rf2 57. Ra7+ Kf6 58. Rb7 Ra2
59. Rb6+ Kg7 60. a6 Ra5 61. Kg4 h5+ 62. Kh4 Kf7 63. f4 Kg7 64. Rc6 Kf7 65. Rc7+
Kf6 66. a7 Kg6 67. Rb7 Kf6 68. Rh7 Kg6 69. Rc7 Kf6 70. Rb7 Kg6 71. f5+ Kf6 72.
Rb6+ Kg7 73. Rb7+ Kf6 74. Rb6+ Kg7 75. Rg6+ Kh7 76. Kxh5 Rxa7 77. Kg5 Ra1 78.
Rd6 Kg7 79. Rd7+ Kf8 80. Kg6 Rg1+ 81. Kf6 Kg8 82. Rd8+ Kh7 83. Kf7 Rf1 84. f6
Ra1 85. Re8 Ra2 86. Kf8 Ra1 87. f7 Ra7 88. Rd8 Kg6 89. Rd6+ Kh7 90. Ke8 1-0

[Event "First Saturday 2009 november IM"]
[Site "Budapest"]
[Date "2009.11.14"]
[Round "8"]
[White "Szabo, Bence"]
[Black "Kislik, Erik Andrew"]
[Result "1-0"]
[WhiteElo "2218"]
[BlackElo "2349"]
[PlyCount "139"]
[EventDate "2009.11.07"]

1. d4 Nf6 2. c4 g6 3. Nc3 Bg7 4. e4 d6 5. Bd3 O-O 6. Nge2 c5 7. d5 e6 8. O-O
Ng4 9. Bf4 Ne5 10. dxe6 fxe6 11. Bg3 Nbc6 12. b3 Nd4 13. Rc1 a6 14. Kh1 b6 15.
Bb1 Nec6 16. Qd2 Qe7 17. f3 Bd7 18. Rfd1 Rab8 19. e5 dxe5 20. Nxd4 exd4 21.
Bxb8 Nxb8 22. Ne4 Be5 23. Qf2 Bf4 24. Rc2 Be3 25. Qg3 Bf4 26. Qf2 Nc6 27. Re2
e5 28. Rde1 Qe6 29. Qg1 Qf7 30. Nf2 Bf5 31. Be4 Qd7 32. Nd3 Bxe4 33. Rxe4 Bd2
34. R1e2 Be3 35. R4xe3 dxe3 36. Qxe3 Qd4 37. Nxe5 Re8 38. f4 Qxe3 39. Rxe3 Nxe5
40. fxe5 Kf7 41. h3 Rb8 42. Rd3 Ke6 43. Rd5 Rb7 44. Kh2 Kf5 45. Kg3 Re7 46. Rd6
Rb7 47. e6 Kf6 48. Kf4 b5 49. Rd7 Rb6 50. e7 Re6 51. cxb5 axb5 52. a4 bxa4 53.
bxa4 g5+ 54. Kf3 Rxe7 55. Rxe7 Kxe7 56. Ke4 Kd6 57. g4 Kc6 58. Ke5 h6 59. Ke4
Kb7 60. Kd5 Kb6 61. Kc4 Ka5 62. Kxc5 Kxa4 63. Kd5 Kb4 64. Ke5 Kc4 65. Kf5 Kd4
66. Kg6 Ke5 67. Kxh6 Kf6 68. Kh5 Kg7 69. Kxg5 Kh8 70. Kh5 1-0